Pop culture en images - M - Statistiques

Statistiques générales
  • Ce quiz a été pris 337 fois
  • Le résultat moyen est 8 sur 16
Statistiques - réponses
Par images Réponse % Correct
Marsupilami
98%
Mercredi
97%
Minecraft
93%
Mii
92%
Morty Sanchez
72%
Miles Morales
58%
Magic
49%
Megatron
45%
Maeve
39%
Midas
29%
Mitsuri Kanroji
24%
Maurice
22%
Marine Kitagawa
19%
Murphy Cooper
12%
Megumin
8%
Miku
8%
Aucun quiz correspondant
Distribution des résultats
% des personnes avec chaque résultat
Percentile par nombre de réponses
Votre historique - résultats
Vous n’avez pas pris ce quiz